000 01758nam a2200277Ia 4500
999 _c36309
_d36309
001 2216
003 GE_BSU
005 20191114101729.0
008 181216s2011||||ge |||||||||||||| ||geo||
020 _a97841432279
040 _cGE_BSU
041 _ageo
080 _a371.3+37.012 ბ–2
100 _aბასილაძე, იმერ
_94921
245 _aსწავლებისა და სწავლის ინტერაქტიური მეთოდები, აქტივობის ფორმები, შეფასების კრიტერიუმები, პედაგოგიური ტექნოლოგიები და მათი ზოგადპედაგოგიური დახასიათება /
_cრედ. კონსტანტინე რამიშვილი.
264 _aქუთაისი :
_bაკ.წერეთლის სახ. უნ–ტის გამ-ბა,
_c2011.
300 _a191 გვ.:
_bილ. ;
_c20 სმ.
504 _aბიბლიოგრ.: გვ. 185-187.
653 _aსწავლების ინტერაქტიური მეთოდები
653 _aმოსწავლეთა ცოდნის შეფასება
700 _aჭოხონელიძე, ნინო
_eავტორი
_94922
700 _aკოსტავა, ნინო
_eავტორი
_94923
700 _aრამიშვილი, კონსტანტინე
_eრედაქტორი
_94526
710 _aაკ. წერეთლის სახელმწ. უნ-ტი.
_bპედაგოგიკის დეპარტამენტი;
_94924
942 _cBK
_2udc